Abel Sánchez una historia de pasión ; (Registro nro. 22173)
[ vista simple ]
| 000 -CABECERA | |
|---|---|
| campo de control de longitud fija | 00797nam a2200241 a 4500 |
| 001 - NÚMERO DE CONTROL | |
| campo de control | 000022676 |
| 005 - FECHA Y HORA DE LA ÚLTIMA TRANSACCIÓN | |
| campo de control | 20200930021731.0 |
| 008 - DATOS DE LONGITUD FIJA--INFORMACIÓN GENERAL | |
| campo de control de longitud fija | 101014s1997 es 001 0 spa d |
| 020 ## - NÚMERO INTERNACIONAL ESTÁNDAR DEL LIBRO | |
| Número Internacional Estándar del Libro | 8423988171 |
| 040 ## - FUENTE DE LA CATALOGACIÓN | |
| Centro catalogador/agencia de origen | DO-SdBNP |
| Lengua de catalogación | spa |
| Centro/agencia transcriptor | BNPHU |
| 082 ## - NÚMERO DE LA CLASIFICACIÓN DECIMAL DEWEY | |
| Número de clasificación | xxxx |
| Número de documento/Ítem | U543a |
| 049 ## - FONDOS LOCALES (OCLC) | |
| Fondos de biblioteca | BNPD |
| 100 1# - ENTRADA PRINCIPAL--NOMBRE DE PERSONA | |
| Nombre de persona | Unamuno, Miguel de |
| Fechas asociadas al nombre | 1864-1936 |
| 9 (RLIN) | 6254 |
| 245 10 - MENCIÓN DE TÍTULO | |
| Título | Abel Sánchez una historia de pasión ; |
| Resto del título | Niebla ; La tía Tula ; Paz en la Guerra / |
| Mención de responsabilidad, etc. | Miguel de Unamuno. |
| 260 ## - PUBLICACIÓN, DISTRIBUCIÓN, ETC. | |
| Lugar de publicación, distribución, etc. | Madrid, : |
| Nombre del editor, distribuidor, etc. | Editorial Espasa Calpe, |
| Fecha de publicación, distribución, etc. | 1997. |
| Fabricante | Huertas |
| 300 ## - DESCRIPCIÓN FÍSICA | |
| Extensión | 687 p. |
| 490 1# - MENCIÓN DE SERIE | |
| Mención de serie | Antología de la literatura universal |
| 563 ## - NOTA DE ENCUADERNACIÓN | |
| Nota de encuadernación | Varias obras empaginadas en páginas continuas |
| 740 2# - PUNTO DE ACCESO ADICIONAL--TÍTULO RELACIONADO O ANALÍTICO NO CONTROLADO | |
| Título relacionado o analítico no controlado | Niebla |
| 740 2# - PUNTO DE ACCESO ADICIONAL--TÍTULO RELACIONADO O ANALÍTICO NO CONTROLADO | |
| Título relacionado o analítico no controlado | La tía Tula |
| 740 2# - PUNTO DE ACCESO ADICIONAL--TÍTULO RELACIONADO O ANALÍTICO NO CONTROLADO | |
| Título relacionado o analítico no controlado | Paz en la Guerra |
| 830 #0 - PUNTO DE ACCESO ADICIONAL DE SERIE-TÍTULO UNIFORME | |
| Título uniforme | Antología de la literatura universal |
| 9 (RLIN) | 46613 |
| Estado de retiro | Estado de pérdida | Restricciones de uso | No para préstamo | Código de colección | Localización permanente | Ubicación/localización actual | Ubicación en estantería | Fecha de adquisición | Número de inventario | Total de préstamos | Signatura topográfica completa | Código de barras | Fecha visto por última vez | Precio válido a partir de | Tipo de ítem Koha |
|---|---|---|---|---|---|---|---|---|---|---|---|---|---|---|---|
| Excluido de préstamo | Monografías: Libros y Folletos | General | General | Depósito | 14.10.2010 | LF1 | xxxx U543a | 22676-10 | 25.06.2020 | 25.06.2020 | No se presta |
